| 000 | 00992nam a22003017a 4500 | ||
|---|---|---|---|
| 001 | 5558 | ||
| 003 | FISKH | ||
| 005 | 20250530124343.0 | ||
| 008 | 241217b cb ||||| |||| 00| 0 eng d | ||
| 020 | _a9780531212899 | ||
| 040 |
_aFISKH _beng _cFISKH _dFISKH |
||
| 050 | _aND623.L5 | ||
| 082 | _a709.24 | ||
| 100 | _aVenezia, Mike | ||
| 245 |
_aLeonardo Da Vinci / _cWritten and illustrated by Mike Venezia |
||
| 260 |
_aNew York : _bChildren's Press ; _c2015. |
||
| 300 |
_a32 pages : _bcolor illustrations , maps; _c25 cm . |
||
| 490 | _aGetting to know the world's greatest artists | ||
| 505 | _aS | ||
| 520 | _aTraces the life of the Renaissance artist and analyses some of his paintings. | ||
| 521 | 8 |
_a790
_bLexile estimate |
|
| 521 | 8 |
_aS
_bRaz-Plus |
|
| 650 |
_aLeonardo, da, Vinci, _vJuvenile literature |
||
| 650 |
_aArtist- Italy- Biography _vJuvenile literature |
||
| 700 |
_aMollman, Sarah _eConsultant |
||
| 942 |
_2ddc _cBK _n0 |
||
| 999 |
_c5558 _d5558 |
||